Lyrics to Adore You by Harry Styles - Statistics

General Stats
  • This quiz has been taken 2,606 times
  • The average score is 232 of 271
Answer Stats
Lyrics % Correct
you
100%
You
100%
I
99%
me
98%
adore
97%
Just
97%
just
97%
Walk
97%
walk
97%
let
96%
do
95%
in
95%
your
95%
for
94%
fire
93%
it?
93%
paradise
92%
so
91%
to
91%
don't
90%
have
90%
Honey
90%
honey
90%
love
90%
mind
90%
rainbow
90%
say
90%
Oh
89%
through
89%
lipstick
88%
believe
87%
eyes
87%
of
87%
on
87%
Strawberry
87%
lost
86%
get
85%
inside
85%
state
84%
the
84%
Would
84%
mine
83%
nothing
83%
you're
83%
You're
83%
ever
81%
only
81%
thing
81%
I'll
79%
I'd
78%
its
78%
it's
78%
It's
78%
my
75%
Like
72%
tell
72%
somethin'
71%
and
69%
wanna
69%
over
68%
sky
68%
been
67%
summer
67%
you've
67%
skin
66%
Lately
65%
lemon
65%
wonder
65%
Brown
63%
under
62%
ice
58%
You don't
18%
Ooh
11%
ooh
11%
No matching quizzes found
Score Distribution
Percent of People with Each Score
Percentile by Number Answered
Your Score History
You have not taken this quiz